[Event "Winter Server Series, S10003"]
[Site "CCLA"]
[Date "2021.02.22"]
[Round "?"]
[White "Huston, Mark"]
[Black "Smail, John"]
[Result "1-0"]
[WhiteElo "1687"]
[BlackElo "1718"]

1. e4 e6 2. d4 d5 3. Nd2 Nf6 4. e5 Nfd7 5. c3 c5 6. f4 Nc6 7. Ndf3 a6 8. 
Bd3 c4 9. Bc2 b5 10. g4 Nb6 11. Ne2 g6 12. Ng3 Kd7 13. f5 Kc7 14. Bg5 Be7 
15. f6 Bf8 16. Qd2 h6 17. Be3 b4 18. Qd1 a5 19. O-O a4 20. cxb4 Nxb4 21. 
a3 Nc6 22. h4 Bd7 23. Bd2 Qb8 24. Bc3 Na5 25. Bxa5 Rxa5 26. Qd2 Ra6 27. 
Rfc1 Nc8 28. Ne2 Rb6 29. Rab1 Na7 30. Nc3 Ra6 31. Na2 Nc6 32. Qd1 Qa7 33. 
Nc3 Na5 34. Nxa4 Bxa4 35. Bxa4 Nc6 36. Bxc6 1-0

[Event "Winter Server Series, S10003"]
[Site "CCLA"]
[Date "2021.02.22"]
[Round "?"]
[White "Smail, John"]
[Black "Catania, Duane"]
[Result "0-1"]
[WhiteElo "1718"]
[BlackElo "1618"]

1. d4 e6 2. Nf3 b6 3. c4 Bb7 4. Bf4 Nf6 5. e3 Bb4+ 6. Nfd2 O-O 7. a3 Be7 
8. Nc3 d6 9. h3 Nbd7 10. Qc2 Re8 11. O-O-O a6 12. Rg1 d5 13. Kb1 c5 14. g4
cxd4 15. exd4 dxc4 16. Bxc4 Rc8 17. Qd3 b5 18. Bb3 Nc5 19. Qe3 Nxb3 20. 
Nxb3 b4 21. axb4 Bxb4 22. Nc5 Qb6 23. N3a4 Qa5 24. Nxb7 Qxa4 25. Nc5 Bxc5 
26. dxc5 Nd5 27. Qd4 Qxd4 28. Rxd4 Rxc5 29. Bd2 Rb8 30. Rc1 Rbc8 31. Rxc5 
Rxc5 32. Ra4 Rc6 33. Rd4 f6 34. Ka2 Kf7 35. Kb3 Rb6+ 36. Kc2 h6 37. b3 Rd6
38. Rc4 e5 39. Re4 g5 40. Rc4 Nf4 41. Rc7+ Kg6 42. Rc3 Ne2 0-1

[Event "Winter Server Series, S10003"]
[Site "CCLA"]
[Date "2021.02.22"]
[Round "?"]
[White "Catania, Duane"]
[Black "Huston, Mark"]
[Result "1-0"]
[WhiteElo "1618"]
[BlackElo "1687"]

1. e4 e6 2. d4 d5 3. e5 c5 4. c3 Qb6 5. Nf3 Bd7 6. Bd3 cxd4 7. cxd4 Nc6 8.
 O-O Nxd4 9. Nxd4 Qxd4 10. Nc3 a6 11. Qe2 Ne7 12. Rd1 Nc6 13. Re1 Be7 14. 
a3 Na5 15. Bc2 Nc4 16. Kh1 O-O-O 17. Bd3 Nxe5 18. Bxa6 bxa6 19. Qxa6+ Kc7 
20. Be3 Qc4 21. Qb6+ Kc8 22. Rac1 Nd3 23. Nxd5 exd5 24. Rxc4+ dxc4 25. 
Qa6+ Kc7 26. Bb6+ Kd6 27. Bxd8+ 1-0

[Event "Winter Server Series, S10003"]
[Site "CCLA"]
[Date "2021.02.22"]
[Round "?"]
[White "Catania, Duane"]
[Black "Smail, John"]
[Result "0-1"]
[WhiteElo "1618"]
[BlackElo "1718"]

1. e4 e6 2. d4 d5 3. e5 c5 4. c3 Nc6 5. Nf3 Bd7 6. Bd3 Rc8 7. O-O cxd4 8. 
cxd4 Nb4 9. Nc3 Nxd3 10. Qxd3 Ne7 11. Bg5 h6 12. Bh4 Qb6 13. Qd2 Nf5 14. 
Bg3 g5 15. Rfd1 Be7 16. Rac1 g4 17. Ne1 Nxg3 18. hxg3 Bg5 19. Na4 Rxc1 20.
 Qxc1 Bxa4 21. f4 gxf3 22. Qc8+ Bd8 23. b3 f2+ 24. Kxf2 Bc6 0-1

[Event "Winter Server Series, S10004"]
[Site "CCLA"]
[Date "2021.02.22"]
[Round "?"]
[White "Mann, Wallace"]
[Black "Smiley, William R."]
[Result "1/2-1/2"]
[WhiteElo "1705"]
[BlackElo "1548"]

1. e4 e5 2. f4 exf4 3. Nf3 g5 4. Nc3 d6 5. d4 Bh6 6. g3 g4 7. Nh4 f3 
8. Nxf3 gxf3 9. Bxh6 f2+ 10. Kxf2 Nxh6 11. Kg2 c6 12. Bc4 Bg4 13. Qd2 
Ng8 14. Bxf7+ Kxf7 15. Qf4+ Kg6 16. Qxg4+ Qg5 17. Qc8 Qd2+ 18. Kh3 Qh6+ 
19. Kg2 1/2-1/2

[Event "Winter Server Series, S10004"]
[Site "CCLA"]
[Date "2021.02.22"]
[Round "?"]
[White "Mann, Wallace"]
[Black "McLaughlin, Ed"]
[Result "1-0"]
[WhiteElo "1705"]
[BlackElo "1598"]

1. e4 a6 2. g3 b5 3. Bg2 Bb7 4. Ne2 e5 5. O-O Nf6 6. d3 Bc5 7. Be3 Bxe3 
8. fxe3 O-O 9. Nd2 Ng4 10. Rf3 Qg5 11. Nf1 d6 12. Qe1 Nd7 13. h3 Nh6 
14. g4 Nc5 15. Neg3 Bc8 16. Nf5 Nxf5 17. gxf5 Qf6 18. Nh2 h5 19. h4 Bb7 
20. Rg3 Kh7 21. Rg5 g6 22. Qe2 Rh8 23. Rf1 Qg7 24. Bf3 Kg8 25. Rf2 1-0

[Event "Winter Server Series, S10004"]
[Site "CCLA"]
[Date "2021.02.22"]
[Round "?"]
[White "Mann, Wallace"]
[Black "Hadley, Douglas R."]
[Result "1-0"]
[WhiteElo "1705"]
[BlackElo "1557"]

1. e4 e5 2. Nf3 Nf6 3. Nxe5 d6 4. Nf3 Nxe4 5. Nc3 Nxc3 6. dxc3 Be7 7. Be3 
O-O 8. Qd2 Bg4 9. O-O-O Nd7 10. Re1 Bxf3 11. gxf3 Ne5 12. Qe2 Qd7 13. h4 
Qa4 14. Kb1 Bxh4 15. f4 Ng6 16. Qh5 Qe4 17. Bd3 Qe7 18. f5 Ne5 19. Rxh4 
Qxh4 20. Qxh4 Nf3 21. Qh1 Nxe1 22. Qxe1 Rfe8 23. Qh1 c6 24. f6 g6 25. Qh6 
1-0

[Event "Winter Server Series, S10004"]
[Site "CCLA"]
[Date "2021.02.22"]
[Round "?"]
[White "Smiley, William R."]
[Black "Mann, Wallace"]
[Result "0-1"]
[WhiteElo "1548"]
[BlackElo "1705"]

1. e4 e5 2. Nc3 Nf6 3. Bc4 Nxe4 4. Bxf7+ Kxf7 5. Nxe4 d5 6. Nc3 c6 7. d3 
Bc5 8. Qf3+ Qf6 9. Bg5 Qf5 10. Bh4 Rf8 11. Qxf5+ Bxf5 12. f3 Nd7 13. O-O-O
b5 14. a3 a5 15. Bg5 b4 16. Nb1 a4 17. Ne2 Kg8 18. Kd2 Bd6 19. Ke1 d4 20. 
Ng3 h6 21. Bd2 Bg6 22. Ne4 Be7 23. Rf1 c5 24. Bc1 Nb6 25. Nbd2 Nd5 26. Nc4
Rae8 27. Nxe5 Bh4+ 28. g3 Rxe5 29. gxh4 Nf4 30. Bxf4 Rxf4 31. Kf2 Rxh4 
32. Kg3 Rhh5 33. Rde1 Rd5 34. Rd1 Rhf5 35. b3 axb3 36. cxb3 bxa3 37. Ra1 Rd8 
38. Rxa3 Rdf8 39. Ra2 Bf7 40. Rb2 Be6 41. Nd2 g5 42. h3 Kg7 43. Ne4 Rb8 
44. Nd2 Re5 0-1

[Event "Winter Server Series, S10004"]
[Site "CCLA"]
[Date "2021.02.22"]
[Round "?"]
[White "Smiley, William R."]
[Black "McLaughlin, Ed"]
[Result "1/2-1/2"]
[WhiteElo "1548"]
[BlackElo "1598"]

1. e4 a6 2. d4 b5 3. c4 Bb7 4. cxb5 Bxe4 5. bxa6 Nxa6 6. f3 Bb7 7. b3 Nf6 
8. Bb2 Nd5 9. Qd2 e6 10. Ne2 Nab4 11. Bc3 Qh4+ 12. Kd1 Qf2 13. Ng3 Ne3+ 
14. Kc1 Qxd2+ 15. Bxd2 Nxa2+ 16. Rxa2 Rxa2 17. Bxe3 Bb4 18. Nd2 O-O 19. 
Bd3 Rfa8 20. Kd1 f5 21. Ke2 Rb2 22. Rb1 Raa2 23. Rxb2 Rxb2 24. Kd1 Bxd2 
25. Bxd2 Rxb3 26. Kc2 Ra3 27. Bc3 Bd5 28. Ne2 g5 29. Nc1 Kf7 30. Bb2 Ra8 
31. Kd2 Rb8 32. Bc3 1/2-1/2

[Event "Winter Server Series, S10004"]
[Site "CCLA"]
[Date "2021.02.22"]
[Round "?"]
[White "Smiley, William R."]
[Black "Hadley, Douglas R."]
[Result "1/2-1/2"]
[WhiteElo "1548"]
[BlackElo "1557"]

1. e4 c5 2. Nc3 Nc6 3. g3 g6 4. Bg2 Bg7 5. Nf3 d6 6. O-O e5 7. d3 Nge7 8. 
Re1 O-O 9. Bg5 Bg4 10. Qd2 Qd7 11. Nd5 Nxd5 12. exd5 Ne7 13. c4 Nf5 14. h3
Bxf3 15. Bxf3 h5 16. Kg2 f6 17. Be3 Nxe3+ 18. fxe3 Bh6 19. Qe2 Rf7 20. e4 
Rh7 21. Rf1 Rf8 22. Rf2 Rff7 23. Raf1 Bg7 1/2-1/2

[Event "Winter Server Series, S10004"]
[Site "CCLA"]
[Date "2021.02.22"]
[Round "?"]
[White "McLaughlin, Ed"]
[Black "Mann, Wallace"]
[Result "1-0"]
[WhiteElo "1598"]
[BlackElo "1705"]

1. c4 e5 2. Nc3 Bb4 3. Nf3 Bxc3 4. bxc3 d6 5. e4 Nf6 6. d3 O-O 7. Be2 h6 
8. O-O Re8 9. Rb1 c6 10. Qb3 Na6 11. Ba3 Rb8 12. Qa4 Nc7 13. Qb4 Re6 14. 
Rbd1 Nd7 15. g3 b5 16. cxb5 Nxb5 17. Qb2 Nc7 18. Qc1 d5 19. Nh4 c5 20. Bg4
Rc6 21. c4 d4 22. f4 Ne6 23. f5 Ng5 24. Nf3 Nf6 25. Nxe5 Rc7 26. Be2 Qd6 
27. Ng4 Nd7 28. Kg2 Nh7 29. h4 h5 30. Nh2 g6 31. Qh6 Rb6 32. Bc1 Rcc6 33. 
Rf2 Qf6 34. Rdf1 Ne5 35. Bg5 Nxg5 36. hxg5 Qg7 37. Qxg7+ Kxg7 38. g4 Rb2 
39. f6+ Kh7 40. gxh5 Rxe2 41. hxg6+ Kxg6 42. Rxe2 Nxd3 43. Nf3 Re6 44. Kg3
Ne5 45. Nh4+ Kxg5 46. Rf5+ Kh6 47. Rh2 Nxc4 48. Rxc5 Ba6 49. Nf5+ 1-0

[Event "Winter Server Series, S10004"]
[Site "CCLA"]
[Date "2021.02.22"]
[Round "?"]
[White "McLaughlin, Ed"]
[Black "Smiley, William R."]
[Result "0-1"]
[WhiteElo "1598"]
[BlackElo "1548"]

1. c4 f5 2. Nc3 Nf6 3. d4 d6 4. Nf3 g6 5. g3 Bg7 6. Bg2 O-O 7. O-O c6 8. 
Bg5 Nbd7 9. Qc1 Re8 10. Nh4 Nf8 11. d5 c5 12. Rb1 a6 13. e4 fxe4 14. Nxe4 
Nxe4 15. Bxe4 Bf6 16. Kg2 e5 17. f4 exf4 18. Bxf6 Qxf6 19. Rxf4 Qe7 20. 
Qc2 g5 21. Nf5 Bxf5 22. Rxf5 Qxe4+ 23. Qxe4 Rxe4 24. Rxg5+ Kh8 25. Rf1 Ng6
26. Rf7 Re7 27. Rf6 Rd8 28. b3 Kg7 29. Rf2 Rf8 30. h4 Rxf2+ 31. Kxf2 Re5 
32. Rg4 h5 0-1

[Event "Winter Server Series, S10004"]
[Site "CCLA"]
[Date "2021.02.22"]
[Round "?"]
[White "McLaughlin, Ed"]
[Black "Hadley, Douglas R."]
[Result "1-0"]
[WhiteElo "1598"]
[BlackElo "1557"]

1. c4 e5 2. Nc3 Nf6 3. d3 c6 4. Nf3 d6 5. g3 h6 6. Bg2 Be6 7. O-O Be7 8. 
b3 O-O 9. Nd2 Nbd7 10. Bb2 Qc7 11. f4 exf4 12. Rxf4 Ng4 13. e4 Ne3 14. Qf3
Nxg2 15. Qxg2 Ne5 16. Qf1 Ng4 17. Qf3 Qb6+ 18. Kg2 Ne3+ 19. Kh1 Ng4 20. 
Rxg4 Bxg4 21. Qxg4 Rad8 22. Nd5 1-0

[Event "Winter Server Series, S10004"]
[Site "CCLA"]
[Date "2021.02.22"]
[Round "?"]
[White "Hadley, Douglas R."]
[Black "Mann, Wallace"]
[Result "0-1"]
[WhiteElo "1557"]
[BlackElo "1705"]

1. e4 e5 2. Nf3 Nc6 3. Bb5 Nf6 4. O-O Nxe4 5. d4 Nd6 6. Bxc6 dxc6 7. dxe5 
Nf5 8. Qxd8+ Kxd8 9. Nc3 Ke8 10. Bf4 h6 11. Rad1 Be6 12. a3 g5 13. Be3 
Nxe3 14. fxe3 Bg7 15. h3 Rd8 16. Rxd8+ Kxd8 17. Na4 Rf8 18. Nc5 Bc8 19. 
Rd1+ Ke7 20. Kf2 b6 21. Nd3 c5 22. b3 f6 23. g4 fxe5 24. Ke2 e4 25. Nfe5 
exd3+ 26. Nxd3 Bc3 27. a4 Bb7 28. Rf1 Rxf1 29. Kxf1 Be4 30. Ke2 Bg2 31. 
Nf2 Ke6 32. Kd1 Kd5 33. Ke2 c4 34. Nd1 Be5 35. Nf2 cxb3 36. cxb3 Bg3 0-1

[Event "Winter Server Series, S10004"]
[Site "CCLA"]
[Date "2021.02.22"]
[Round "?"]
[White "Hadley, Douglas R."]
[Black "Smiley, William R."]
[Result "1-0"]
[WhiteElo "1557"]
[BlackElo "1548"]

1. e4 e5 2. Nf3 Nc6 3. Bb5 a6 4. Ba4 b5 5. Bb3 Nf6 6. O-O Be7 7. Re1 d6 
8. c3 O-O 9. h3 Bb7 10. d4 Nb8 11. Bc2 Nbd7 12. Nbd2 Re8 13. Nf1 h6 14. Ng3 
Bf8 15. a4 c6 16. b3 Rc8 17. Nf5 Kh7 18. g4 g6 19. Ng3 Bg7 20. axb5 axb5 
21. g5 hxg5 22. Bxg5 Qc7 23. Kg2 Nf8 24. Qd2 Ng8 25. h4 f6 26. Rh1 Nh6 
27. h5 fxg5 28. hxg6+ Nxg6 29. Qxg5 Re6 30. Nf5 Nf4+ 31. Kf1 Rg6 32. Qe7 
Qxe7 33. Nxe7 Bf6 34. Nxg6 Kxg6 35. Ra7 Rb8 36. Rg1+ Kf7 37. Rh1 Bg7 38. dxe5 
dxe5 39. Nxe5+ Kg8 40. Rg1 Ra8 41. Rxg7+ Kxg7 42. Rxb7+ Kf6 43. Nd3 1-0

[Event "Winter Server Series, S10004"]
[Site "CCLA"]
[Date "2021.02.22"]
[Round "?"]
[White "Hadley, Douglas R."]
[Black "McLaughlin, Ed"]
[Result "1/2-1/2"]
[WhiteElo "1557"]
[BlackElo "1598"]

1. e4 c5 2. Nf3 a6 3. c3 b5 4. d4 e6 5. Bd3 Bb7 6. O-O Nf6 7. Re1 Be7 8. 
Bg5 O-O 9. a4 c4 10. Bc2 h6 11. Bxf6 Bxf6 12. Nbd2 d6 13. axb5 axb5 14. b3
Qc7 15. bxc4 bxc4 16. Qe2 Rc8 17. Rxa8 Bxa8 18. Rb1 d5 19. e5 Be7 20. Ra1 
Bc6 21. Nf1 Nd7 22. Ng3 Qb7 23. Rb1 1/2-1/2

[Event "2021 Winter Series, S10005"]
[Site "CCLA"]
[Date "2021.02.22"]
[Round "?"]
[White "Schoenwald, Ira"]
[Black "Nurmi, Ronald"]
[Result "1-0"]
[WhiteElo "1526"]
[BlackElo "1455"]

1. d4 d5 2. Nc3 Nf6 3. Bf4 Bf5 4. f3 e6 5. g4 Bg6 6. h4 h6 7. e3 a6 8. h5 
Bh7 9. Bd3 c5 10. Bxh7 Nxh7 11. Nge2 Nc6 12. Qd3 c4 13. Qd2 Bb4 14. a3 Bd6
15. Bxd6 Qxd6 16. e4 Ng5 17. Qe3 O-O-O 18. e5 Nxe5 19. dxe5 Qxe5 20. Qc5+ 
Qc7 21. Qxc7+ Kxc7 22. Kf2 f6 23. Nd4 Kd6 24. Rae1 Rhe8 25. f4 Nf7 26. Re2
Re7 27. Rhe1 Rde8 28. b4 b5 29. a4 e5 30. Nf5+ Kc6 31. Nxe7+ Rxe7 32. 
axb5+ 1-0

[Event "2021 Winter Series, S10005"]
[Site "CCLA"]
[Date "2021.02.22"]
[Round "?"]
[White "Schoenwald, Ira"]
[Black "Taylor, Ronald D."]
[Result "1-0"]
[WhiteElo "1526"]
[BlackElo "1410"]

1. d4 Nf6 2. Nc3 d5 3. Bf4 Bf5 4. f3 c6 5. g4 Bg6 6. h4 h6 7. e3 e6 8. h5 
Bh7 9. Bd3 Bd6 10. Nge2 O-O 11. Bxh7+ Nxh7 12. Qd3 Bxf4 13. Nxf4 Ng5 14. 
Kf2 Nd7 15. Rag1 Qc7 16. Nce2 e5 17. Nh3 e4 18. fxe4 Nxe4+ 19. Ke1 Ndf6 
20. g5 Nxg5 21. Nxg5 hxg5 22. Rxg5 Ne4 23. Rg4 Nf6 24. Rg2 Rfe8 25. h6 g6 
26. Qf5 Nh7 27. Qf2 Qe7 28. Rh3 Qb4+ 29. Kd1 Qxb2 30. Qf5 Qb1+ 31. Nc1 Re6
32. Rf3 Rf8 33. Rfg3 Kh8 34. Qf2 Qb4 35. Nd3 Qe7 36. Ne5 g5 37. Rh2 Rf6 
38. Qg2 Rd6 39. Qh3 Qe6 40. Qf1 Qf6 41. Rf3 Qe6 42. Nxf7+ 1-0

[Event "2021 Winter Series, S10005"]
[Site "CCLA"]
[Date "2021.02.22"]
[Round "?"]
[White "Nurmi, Ronald"]
[Black "Schoenwald, Ira"]
[Result "0-1"]
[WhiteElo "1455"]
[BlackElo "1526"]

1. d4 d6 2. Nf3 Nf6 3. c4 c6 4. Nc3 Qa5 5. e3 Bg4 6. Be2 Nbd7 7. Bd2 Qc7 
8. h3 Bxf3 9. Bxf3 e5 10. O-O Be7 11. b4 a6 12. a4 O-O 13. Rc1 Rac8 14. 
Re1 Rfe8 15. Rc2 Bf8 16. Qc1 e4 17. Be2 Re7 18. b5 c5 19. d5 a5 20. f3 
Rce8 21. f4 g6 22. Rf1 Bg7 23. Be1 Rf8 24. Nd1 Ne8 25. Bh4 f6 26. Bg4 Bh6 
27. Rcf2 Ng7 28. Qc2 Nf5 29. Bxf5 gxf5 30. Nc3 Rg7 31. Ne2 Kh8 32. Kh1 Re8
33. Ng3 Rg6 34. Qb2 Nb6 35. Bxf6+ Kg8 36. Nxf5 Nxc4 37. Qa1 Bf8 38. Bh8 h5
39. Rc2 Nb6 40. Bc3 Nxd5 41. Bd2 Qf7 42. Nh4 Rg7 43. Qe1 b6 44. Bc1 Nb4 
45. Rd2 Nd3 46. Qe2 Be7 47. Rxd3 exd3 0-1

[Event "2021 Winter Series, S10005"]
[Site "CCLA"]
[Date "2021.02.22"]
[Round "?"]
[White "Nurmi, Ronald"]
[Black "Taylor, Ronald D."]
[Result "1-0"]
[WhiteElo "1455"]
[BlackElo "1410"]

1. d4 Nf6 2. Bg5 g6 3. Bxf6 exf6 4. e3 d5 5. c4 Bg7 6. Nc3 Be6 7. c5 Nc6 
8. Nf3 Bg4 9. Be2 a6 10. O-O Qd7 11. Qb3 Rb8 12. Qxd5 Qe6 13. Rad1 Rd8 14.
 Qxe6+ fxe6 15. h3 Bxf3 16. Bxf3 Kf7 17. a3 f5 18. b4 Rhe8 19. Rfe1 f4 20.
 Ne4 e5 21. d5 Nb8 22. d6 c6 23. exf4 exf4 24. Ng5+ Kg8 25. Rxe8+ Rxe8 26.
 Bg4 Bf6 27. Ne6 h5 28. Nc7 Rd8 29. Bf3 Bb2 30. Rd3 Nd7 31. Ne6 Re8 32. 
Nxf4 Re1+ 33. Kh2 Kg7 34. Nxh5+ gxh5 35. Bxh5 Be5+ 36. g3 Bf6 37. f4 1-0

[Event "2021 Winter Series, S10005"]
[Site "CCLA"]
[Date "2021.02.22"]
[Round "?"]
[White "Taylor, Ronald D."]
[Black "Schoenwald, Ira"]
[Result "1-0"]
[WhiteElo "1410"]
[BlackElo "1526"]

1. d4 d6 2. c4 Nf6 3. Nf3 c6 4. Nc3 Qa5 5. g3 Nbd7 6. Bg2 e5 7. dxe5 dxe5 
8. O-O Be7 9. Bd2 Qc7 10. Qc2 Nc5 11. Rad1 Bd7 12. b4 e4 13. Nd4 Qe5 14. 
Bf4 Qxd4 15. Rxd4 1-0

[Event "2021 Winter Series, S10005"]
[Site "CCLA"]
[Date "2021.02.22"]
[Round "?"]
[White "Taylor, Ronald D."]
[Black "Nurmi, Ronald"]
[Result "1-0"]
[WhiteElo "1410"]
[BlackElo "1455"]

1. d4 d5 2. c4 c6 3. Nc3 dxc4 4. e4 b5 5. a4 b4 6. Nce2 e6 7. Ng3 Ba6 8. 
Nf3 c5 9. Be2 cxd4 10. Qxd4 Nf6 11. Qxd8+ Kxd8 12. Bg5 Nd7 13. e5 h6 14. 
Bxf6+ gxf6 15. O-O-O f5 16. Nh5 Rc8 17. Nf6 Rc7 18. Rd2 Bc8 19. Rhd1 Be7 
20. Nd4 Bxf6 21. exf6 c3 22. bxc3 Rxc3+ 23. Kb2 Rg8 24. Bf3 Rg6 25. Nb5 
Rxf6 26. Nxc3 bxc3+ 27. Kxc3 Ke7 28. Be2 Nc5 29. Kb4 Nb7 30. Ba6 1-0

[Event "2021 Winter Series, S10005"]
[Site "CCLA"]
[Date "2021.02.22"]
[Round "?"]
[White "Schoenwald, Ira"]
[Black "Jingco, Jaime"]
[Result "1-0"]
[WhiteElo "1526"]
[BlackElo "1496"]

1. d4 f5 2. Nc3 e6 3. e4 Nf6 4. Bg5 Be7 5. Bxf6 Bxf6 6. exf5 exf5 7. Bd3 
d6 8. Nge2 O-O 9. Nd5 Nc6 10. c3 Be6 11. Nef4 Qd7 12. Nxe6 Qxe6+ 13. Ne3 
Ne7 14. O-O Kh8 15. f4 Qxe3+ 16. Kh1 Qe6 17. Re1 Qd7 18. Qf3 c6 19. Qh3 g6
20. Re3 Nd5 21. Rf3 Rae8 22. Raf1 {Black forfeited}  1-0

[Event "2021 Winter Series, S10005"]
[Site "CCLA"]
[Date "2021.02.22"]
[Round "?"]
[White "Jingco, Jaime"]
[Black "Schoenwald, Ira"]
[Result "0-1"]
[WhiteElo "1496"]
[BlackElo "1526"]

1. d4 d6 2. Nf3 Nf6 3. Bg5 Nbd7 4. e3 c6 5. Bd3 e5 6. Nbd2 Qa5 7. c3 Be7 
8. O-O O-O 9. h3 Re8 10. Qc2 Qc7 11. Rfe1 h6 12. Bh4 d5 13. dxe5 Nxe5 14. 
Bg3 Bd6 15. Nxe5 Bxe5 16. Bxe5 Qxe5 17. Nf3 Qh5 18. Bf1 Ne4 19. Qe2 Qg6 
20. g3 Re6 {White forfeited}  0-1

[Event "2021 Winter Series, S10005"]
[Site "CCLA"]
[Date "2021.02.22"]
[Round "?"]
[White "Jingco, Jaime"]
[Black "Nurmi, Ronald"]
[Result "0-1"]
[WhiteElo "1496"]
[BlackElo "2059"]
[BlackElo "1455"]

1. d4 d5 2. Nf3 c6 3. e3 Bf5 4. Bd3 Bxd3 5. Qxd3 Nf6 6. O-O e6 7. Nbd2 Bd6
8. c3 O-O 9. e4 dxe4 10. Nxe4 Nxe4 11. Qxe4 Nd7 12. Ng5 g6 13. Re1 Nf6 14.
 Qh4 Qd7 15. Ne4 Nxe4 16. Rxe4 f5 17. Re2 Be7 {White forfeited}  0-1

[Event "2021 Winter Series, S10005"]
[Site "CCLA"]
[Date "2021.02.22"]
[Round "?"]
[White "Jingco, Jaime"]
[Black "Taylor, Ronald D."]
[Result "0-1"]
[WhiteElo "1496"]
[BlackElo "1410"]

1. d4 Nf6 2. Nf3 g6 3. Bg5 Bg7 4. e3 d5 5. b4 Bg4 6. Nbd2 Nbd7 7. Be2 O-O 
8. O-O Nb6 9. h3 Bxf3 10. Bxf3 Qd6 11. c3 e5 12. e4 dxe4 13. Nxe4 Nxe4 14.
 Bxe4 c6 15. a3 exd4 16. Bc2 Nc4 17. cxd4 Qxd4 18. Qxd4 Bxd4 19. Rad1 Bb2 
20. a4 Rfe8 21. Bb3 Nb6 22. Rfe1 Bc3 {White forfeited} 0-1

[Event "2021 Winter Series, S10005"]
[Site "CCLA"]
[Date "2021.02.22"]
[Round "?"]
[White "Nurmi, Ronald"]
[Black "Jingco, Jaime"]
[Result "1-0"]
[WhiteElo "1455"]
[BlackElo "1496"]

1. d4 f5 2. Bg5 Nf6 3. Bxf6 exf6 4. e3 d5 5. Bd3 Be6 6. Qf3 Qd7 7. Ne2 Bd6
8. Nf4 Bxf4 9. Qxf4 Nc6 10. a3 Nd8 11. Nc3 Nf7 12. Qf3 c6 13. O-O O-O 14. 
Ne2 Ng5 15. Qf4 Rae8 16. h4 Nf7 17. Ng3 {Black forfeited} 1-0

[Event "2021 Winter Series, S10005"]
[Site "CCLA"]
[Date "2021.02.22"]
[Round "?"]
[White "Taylor, Ronald D."]
[Black "Jingco, Jaime"]
[Result "0-1"]
[WhiteElo "1410"]
[BlackElo "1496"]

1. d4 f5 2. g3 e6 3. Bg2 Nf6 4. c4 Be7 5. Nc3 O-O 6. Nf3 d6 7. O-O Nc6 8. 
a3 Qe8 9. b4 e5 10. d5 Nd8 11. Be3 Qh5 12. c5 Ng4 13. cxd6 Bxd6 14. h3 
Nxe3 15. fxe3 e4 16. Nh2 Bxg3 17. Rc1 Bd7 18. Qd2 Nf7 19. Nd1 Ng5 20. Nf2 
Rae8 21. Rxc7 Bxc7 0-1

[Event "Winter Server Series, S10006"]
[Site "CCLA"]
[Date "2021.02.22"]
[Round "?"]
[White "Cangelosi, Dominic"]
[Black "Sanchez, David A."]
[Result "1-0"]
[WhiteElo "1466"]
[BlackElo "1434"]

1. d4 d5 2. e3 Nf6 3. Bd3 c5 4. c3 Nc6 5. f4 Bg4 6. Qc2 e6 7. b3 Rc8 8. 
Nd2 cxd4 9. exd4 Nb4 10. Qb1 Rxc3 11. Bb5+ Nd7 12. Ndf3 Nc2+ 13. Kd2 Rc8 
14. Ne5 Nxa1 15. Bxd7+ Ke7 16. Ba3+ 1-0

[Event "Winter Server Series, S10006"]
[Site "CCLA"]
[Date "2021.02.22"]
[Round "?"]
[White "Cangelosi, Dominic"]
[Black "Hodgkins, Neil C."]
[Result "1-0"]
[WhiteElo "1466"]
[BlackElo "1426"]

1. d4 d5 2. c4 dxc4 3. e4 b5 4. Nc3 c6 5. a4 Bd7 6. axb5 cxb5 7. b4 cxb3 
8. Qxb3 e6 9. Bxb5 a6 10. Nf3 Bxb5 11. Nxb5 Nc6 12. Nc3 Be7 13. O-O Nxd4 
14. Qa4+ Kf8 15. Nxd4 Bf6 16. Rd1 Ne7 17. Nxe6+ fxe6 18. Rxd8+ Rxd8 19. 
Bb2 Rd6 20. Rd1 Rxd1+ 21. Nxd1 Kf7 22. Bxf6 Kxf6 23. f4 Rd8 24. g4 g6 25. 
Ne3 h6 26. Qxa6 Kf7 27. h4 Rg8 28. g5 hxg5 29. fxg5 Rh8 30. Qf1+ Ke8 31. 
Ng2 Rf8 32. Qd3 Rh8 33. Qd6 Kf7 34. Nf4 Rxh4 35. Qxe6+ Kf8 36. Qxe7+ Kxe7 
37. Nxg6+ 1-0

[Event "Winter Server Series, S10006"]
[Site "CCLA"]
[Date "2021.02.22"]
[Round "?"]
[White "Sanchez, David A."]
[Black "Cangelosi, Dominic"]
[Result "1/2-1/2"]
[WhiteElo "1434"]
[BlackElo "1466"]

1. d4 d5 2. c4 e6 3. g3 c6 4. Bg2 Bd6 5. Nf3 f5 6. Nc3 Nd7 7. O-O Ngf6 8. 
Ng5 Qe7 9. c5 Bb8 10. f3 b6 11. Re1 O-O 12. e4 fxe4 13. fxe4 bxc5 14. Bh3 
Nb6 15. e5 cxd4 16. exf6 Rxf6 17. Qxd4 h6 18. Nxe6 Bxe6 19. Bxe6+ 1/2-1/2

[Event "Winter Server Series, S10006"]
[Site "CCLA"]
[Date "2021.02.22"]
[Round "?"]
[White "Sanchez, David A."]
[Black "Hodgkins, Neil C."]
[Result "0-1"]
[WhiteElo "1434"]
[BlackElo "1426"]

1. e4 c5 2. b4 cxb4 3. a3 d5 4. exd5 Qxd5 5. Nf3 e5 6. axb4 Bxb4 7. Na3 
Bg4 8. Nb5 Bd6 9. Bc4 Qc6 10. Nxd6+ Qxd6 11. d3 Nf6 12. O-O O-O 13. Ba3 
Qc7 14. Bxf8 Kxf8 15. Re1 Nc6 16. c3 Rd8 17. h3 Bh5 18. g4 Bg6 19. Re3 Nd5
20. Bxd5 Rxd5 21. c4 Rd8 0-1

[Event "Winter Server Series, S10006"]
[Site "CCLA"]
[Date "2021.02.22"]
[Round "?"]
[White "Hodgkins, Neil C."]
[Black "Cangelosi, Dominic"]
[Result "1-0"]
[WhiteElo "1426"]
[BlackElo "1466"]

1. d4 d5 2. c4 e6 3. cxd5 exd5 4. Nf3 c5 5. e3 Nf6 6. Bb5+ Bd7 7. Nc3 Qb6 
8. Bxd7+ Nbxd7 9. O-O Bd6 10. b3 Ng4 11. g3 O-O-O 12. Nxd5 Qc6 13. e4 cxd4
14. Nxd4 Qa6 15. Qxg4 Be5 16. Be3 h5 17. Qd1 h4 18. Bf4 Kb8 19. Qd2 hxg3 
20. fxg3 f6 21. Rac1 Rc8 22. Ne7 Rxc1 23. Rxc1 Re8 24. Ndf5 g6 25. Qxd7 
1-0

[Event "Winter Server Series, S10006"]
[Site "CCLA"]
[Date "2021.02.22"]
[Round "?"]
[White "Hodgkins, Neil C."]
[Black "Sanchez, David A."]
[Result "0-1"]
[WhiteElo "1426"]
[BlackElo "1434"]

1. d4 Nf6 2. c4 d5 3. Nf3 c6 4. e3 Bg4 5. cxd5 Bxf3 6. Qxf3 cxd5 7. Nc3 e6
8. Bd3 Nc6 9. O-O Be7 10. a3 O-O 11. b4 a6 12. Re1 Rc8 13. Bb2 b5 14. Ne2 
a5 15. Bxb5 axb4 16. Bxc6 Rxc6 17. axb4 Bxb4 18. Rec1 Rxc1+ 19. Nxc1 Ne4 
20. Nb3 Qc7 21. Qe2 Rc8 22. Rc1 Qb7 23. f3 Nd6 24. g4 Rxc1+ 25. Nxc1 Nc4 
26. Nd3 Bd2 27. Bc1 Qb1 28. Kf2 Bxc1 29. Nxc1 Qxc1 30. e4 dxe4 31. Qxe4 
Qf1+ 32. Kg3 Qg1+ 0-1

[Event "Winter Server Series, S10007"]
[Site "CCLA"]
[Date "2021.02.22"]
[Round "?"]
[White "Williams, Rufus H."]
[Black "Algeri, Brian"]
[Result "0-1"]
[WhiteElo "1265"]
[BlackElo "1319"]

1. e4 c6 2. d4 d5 3. exd5 cxd5 4. Nf3 Bg4 5. Be2 Nc6 6. c3 e6 7. Bf4 Bd6 
8. Bxd6 Qxd6 9. O-O Nf6 10. h3 Bxf3 11. Bxf3 O-O 12. Re1 Rfe8 13. Qd3 e5 
14. Na3 e4 15. Qd1 exf3 16. Qxf3 a6 17. Rxe8+ Rxe8 18. Rd1 h6 19. Nc2 Ne7 
20. Ne3 b5 21. Nf5 Nxf5 22. Qxf5 Re2 23. Rb1 Qe7 24. a3 Re1+ 25. Rxe1 
Qxe1+ 26. Kh2 Qe2 27. b4 Qc4 28. Qf3 Ne4 29. Qe3 Qxc3 30. Qxc3 Nxc3 31. 
Kg3 f6 32. Kf3 Kf7 33. h4 Ne4 34. g3 f5 35. Ke3 Ke6 36. Kf3 g6 37. Ke3 Nd6
38. Kf4 Nc4 39. Kf3 Nxa3 40. Ke2 Nc2 0-1